| 000 | 00761nam a2200193 i 4500 | ||
|---|---|---|---|
| 001 | 154577 | ||
| 003 | ES-MaACL | ||
| 005 | 20230906205802.0 | ||
| 008 | 971107s1877 sp |||| | spa d | ||
| 040 |
_aCLM _bspa _cCLM |
||
| 100 | 1 |
_aGonzález Garbín, Antonio. _9127411 |
|
| 245 | 1 | 0 |
_aCompendio de retórica y poética ó de preceptiva literaria / _cpor A. González Garbin. |
| 250 | _a2ª ed. notablemente corr. y aum. | ||
| 260 |
_aGranada : _bImp. y Lib. de D. José López Guevara, _c1877. |
||
| 300 |
_a224 p. ; _c24 cm. |
||
| 650 | 0 | 4 |
_aRetórica. _916882 |
| 650 | 0 | 4 |
_aPoética. _916254 |
| 852 |
_aES-MaACL _jT-313-F-3 _z-- Enc. hol., falto de la cub. original _z-- Enc. en un vol. facticio _z-- Ejemp. n. 133, autentificado con la firma del autor |
||
| 999 |
_c154577 _d154577 |
||